| 000 | 00688nam a22002177a 4500 | ||
|---|---|---|---|
| 005 | 20260124092700.0 | ||
| 008 | 230606b ||||| |||| 00| 0 eng d | ||
| 020 | _a9780552577410 | ||
| 040 | _cAL | ||
| 041 | _aeng | ||
| 082 |
_223 _a823.92 _bWILQ |
||
| 100 |
_aJacqueline Wilson _9252516 |
||
| 245 | _aQueenie | ||
| 260 |
_aGreat Britain _bCorgi Yearling _c2013 |
||
| 300 |
_avi.409p _bPB _c20x13cm |
||
| 365 |
_2English _b716.00 _c₹ _d716.00 |
||
| 520 | _aNan and Elsie both fall ill with tuberculosis, and Elsie finds herself whisked away to the children's ward of the hospital. | ||
| 650 |
_aEnglish Fiction _9120471 |
||
| 650 |
_aEnglish Literature _9120472 |
||
| 942 |
_2ddc _cDB |
||
| 999 |
_c227423 _d227423 |
||